000
00228 a2200097 4500
001
11045
100
_a
Jahan, R.
245
_a
Pakistan Failur in national integration
260
_a
_b
Columbia University
_c
090
_c
8611
_d
8611
942
_a
NUST-CAE
_c
M
_c
35391
999
_c
246118
_d
246118